Vincitori Supercoppa Italiana di Calcio - Statistics

Statistiche generali
  • Questo quiz è stato fatto 1.725 volte
  • Il punteggio medio è 29 su 30
Statistiche sulle risposte
Hint Risposta % Corretto
1989 Inter
100%
2005 Inter
100%
2006 Inter
100%
2008 Inter
100%
2010 Inter
100%
1995 Juventus
100%
1997 Juventus
100%
2002 Juventus
100%
2003 Juventus
100%
2012 Juventus
100%
2013 Juventus
100%
2015 Juventus
100%
1988 Milan
99%
1992 Milan
99%
1993 Milan
99%
1994 Milan
99%
2004 Milan
99%
2011 Milan
99%
2016 Milan
99%
1998 Lazio
98%
2000 Lazio
98%
2009 Lazio
98%
2017 Lazio
98%
2001 Roma
98%
2007 Roma
98%
1990 Napoli
97%
2014 Napoli
97%
1996 Fiorentina
90%
1991 Sampdoria
85%
1999 Parma
76%
Nessun quiz corrispondente trovato
Distribuzione punteggi
Percentuale di utenti per punteggio
Percentile per numero di risposta
I tuoi punteggi nel tempo
Non hai fatto questo quiz